000 nam a22 7a 4500
999 _c7472
_d7472
008 170911b xxu||||| |||| 00| 0 eng d
020 _a9788181992017
100 _bFortune
_93997
245 _aChildren`s illustrated A-Z Encyclopedia (A-B)
260 _aNew Delhi
_bFortune Books
_c2006